[Event "Mittelfranken Mitte-ch"]
[Site "Nuremberg"]
[Date "2017.01.08"]
[Round "6"]
[White "Poerzgen, Michael"]
[Black "Weissmann, Peter"]
[Result "1-0"]
[WhiteElo "1658"]
[BlackElo "1737"]
[PlyCount "141"]
[EventDate "2017.01.05"]
[EventType "swiss"]
[EventRounds "7"]
[EventCountry "GER"]
[SourceTitle "EXT 2018"]
[Source "ChessBase"]
[SourceDate "2017.10.13"]
[SourceVersion "1"]
[SourceVersionDate "2017.10.13"]
[SourceQuality "1"]

1. e4 c5 2. Nc3 Nc6 3. Bb5 Nd4 4. f4 e6 5. Nf3 a6 6. Be2 b5 7. d3 Bb7 8. 0-0 b4 9. Na4 Bc6 10. Nxd4 cxd4 11. b3 Bxa4 12. bxa4 Rc8 13. Bb2 Bc5 14. a3 bxa3 15. Bxa3 Ne7 16. Bg4 f6 17. Qd2 0-0 18. Bd1 Qc7 19. Kh1 d5 20. Bxc5 Qxc5 21. Qe2 dxe4 22. Qxe4 Qd5 23. Re1 Rc6 24. Rb1 Qxe4 25. Rxe4 Rd8 26. Rb4 Nf5 27. Re1 Ne3 28. c4 dxc3 29. Rxe3 c2 30. Bxc2 Rxc2 31. h3 Rd2 32. Rxe6 R8xd3 33. Rxa6 Rg3 34. Ra8+ Kf7 35. f5 Ke7 36. Re4+ Kd7 37. Ra7+ Kc6 38. Re6+ Kc5 39. Rc7+ Kb4 40. Re4+ Kb3 41. Rb7+ Ka3 42. Rg4 Rdxg2 43. Rxg3+ Rxg3 44. Kh2 Rg5 45. a5 Rxf5 46. a6 Ra5 47. a7 g5 48. Rxh7 Kb4 49. Kg3 Kc5 50. Rf7 Kd6 51. Rxf6+ Ke7 52. Rh6 Kf7 53. Rh7+ Kg6 54. Rb7 Ra3+ 55. Kg4 Ra4+ 56. Kf3 Ra3+ 57. Ke4 Ra4+ 58. Kd5 Kf5 59. Kc6 Kf4 60. Rb4+ Rxb4 61. a8Q Re4 62. Qa3 Re3 63. Qd6+ Kf3 64. Qd5+ Kf4 65. Qc4+ Re4 66. Qf1+ Kg3 67. Kd5 Rf4 68. Qh1 Rf3 69. Ke4 Rf4+ 70. Ke3 Rf3+ 71. Qxf3+ 1-0

[Event "Mittelfranken Mitte-ch"]
[Site "Nuremberg"]
[Date "2017.01.05"]
[Round "1"]
[White "Albayrak, Nese Pinar"]
[Black "Poerzgen, Michael"]
[Result "0-1"]
[WhiteElo "1095"]
[BlackElo "1658"]
[PlyCount "70"]
[EventDate "2017.01.05"]
[EventType "swiss"]
[EventRounds "7"]
[EventCountry "GER"]
[SourceTitle "EXT 2018"]
[Source "ChessBase"]
[SourceDate "2017.10.13"]
[SourceVersion "1"]
[SourceVersionDate "2017.10.13"]
[SourceQuality "1"]

1. e4 d5 2. exd5 Nf6 3. Nc3 Nxd5 4. Nxd5 Qxd5 5. Nf3 Bg4 6. Be2 Nc6 7. h3 Bh5 8. d4 0-0-0 9. c3 e5 10. 0-0 exd4 11. cxd4 Bxf3 12. Bxf3 Qxd4 13. Qxd4 Nxd4 14. Bg4+ f5 15. Bd1 h6 16. Be3 Bb4 17. a3 Be7 18. Ba4 Bf6 19. Rfd1 f4 20. Bd2 b5 21. Bxb5 Nxb5 22. Bxf4 Rhf8 23. Bg3 Rxd1+ 24. Rxd1 Rd8 25. Rc1 Bxb2 26. Rb1 Rd2 27. Bf4 Rc2 28. Kf1 Nxa3 29. Re1 Nb5 30. Rb1 a6 31. Re1 Kb7 32. Re7 Bd4 33. Bg3 Rc1+ 34. Ke2 Bc3 35. f3 Rg1 0-1

[Event "Mittelfranken Mitte-ch"]
[Site "Zirndorf"]
[Date "2015.01.03"]
[Round "2"]
[White "Poerzgen, Michael"]
[Black "Babichev, Vyacheslav"]
[Result "1/2-1/2"]
[WhiteElo "1606"]
[BlackElo "1699"]
[PlyCount "139"]
[EventDate "2015.01.02"]
[EventType "swiss"]
[EventRounds "7"]
[EventCountry "GE2"]
[SourceTitle "EXT 2018"]
[Source "ChessBase"]
[SourceDate "2017.10.13"]
[SourceVersion "1"]
[SourceVersionDate "2017.10.13"]
[SourceQuality "1"]

1. e4 g6 2. Nf3 Bg7 3. Bc4 d6 4. d4 Nf6 5. Nc3 0-0 6. 0-0 Nc6 7. h3 a6 8. a4 Na5 9. Ba2 b6 10. Re1 Bd7 11. e5 Ne8 12. e6 fxe6 13. Rxe6 Bxe6 14. Bxe6+ Kh8 15. Ng5 Nf6 16. Nd5 c6 17. Nxf6 exf6 18. Nf7+ Rxf7 19. Bxf7 Qe7 20. Ba2 d5 21. Bd2 Nb7 22. Qf1 Qe4 23. c3 Qc2 24. Qc1 Qf5 25. Bb1 Qd7 26. Bd3 Na5 27. Qc2 Nc4 28. Bxc4 dxc4 29. Re1 Re8 30. Qd1 Bf8 31. Rxe8 Qxe8 32. Be3 Bd6 33. b3 Qf7 34. b4 f5 35. d5 c5 36. bxc5 bxc5 37. Bh6 Qe7 38. Qd2 Kg8 39. Kf1 Kf7 40. Bf4 Qd7 41. Bxd6 Qxd6 42. f4 a5 43. g3 g5 44. Kf2 gxf4 45. gxf4 h6 46. Kf3 h5 47. Kg3 Kg6 48. Qg2 Kh7 49. Qf3 Qg6+ 50. Kf2 Kh6 51. Qe3 Qd6 52. Qe5 Qd7 53. Qf6+ Kh7 54. Qc6 Qg7 55. Qe6 Qf8 56. d6 Qb8 57. Qxf5+ Kg7 58. Qg5+ Kf7 59. Qxh5+ Ke6 60. Qe5+ Kf7 61. Qf5+ Kg7 62. Kg3 Qb2 63. Qe5+ Kf7 64. d7 Qd2 65. Qe8+ Kg7 66. Qe7+ Kh6 67. Qf6+ Kh7 68. d8Q Qg2+ 69. Kh4 Qg4+ 70. hxg4 1/2-1/2

[Event "Mittelfranken Mitte-ch 1213"]
[Site "Zirndorf"]
[Date "2013.01.05"]
[Round "5"]
[White "Weidenhoefer, Robert"]
[Black "Poerzgen, Michael"]
[Result "1/2-1/2"]
[WhiteElo "1479"]
[BlackElo "1589"]
[PlyCount "44"]
[EventDate "2013.01.03"]
[EventType "swiss"]
[EventRounds "7"]
[EventCountry "GER"]
[SourceTitle "EXT 2015"]
[Source "ChessBase"]
[SourceDate "2014.11.20"]
[SourceVersion "1"]
[SourceVersionDate "2014.11.20"]
[SourceQuality "1"]

1. f4 Nf6 2. b3 g6 3. Bb2 Bg7 4. Nf3 d6 5. e3 0-0 6. Be2 Re8 7. 0-0 e5 8. fxe5 Ng4 9. Bc4 d5 10. Be2 Nxe5 11. Nxe5 Bxe5 12. Bxe5 Rxe5 13. Bf3 Bf5 14. c4 Be4 15. d4 Re7 16. Nc3 c6 17. Bxe4 dxe4 18. Qg4 Kh8 19. Qh4 Nd7 20. Nxe4 f5 21. Ng5 Nf6 22. h3 Qe8 1/2-1/2